Mystery Taylor Swift Song #104 - Statistics

General Stats
  • This quiz has been taken 265 times
  • The average score is 72 of 120
Answer Stats
Song % Correct
I
95%
a
94%
you
93%
love
92%
the
90%
to
90%
Evermore
89%
your
89%
it
86%
red
86%
And
85%
in
84%
like
84%
me
84%
my
84%
be
83%
that
83%
We
83%
On
82%
so
81%
what
80%
don't
78%
would
78%
But
76%
of
74%
folklore
73%
can't
72%
gold
72%
rush
72%
up
72%
Cause
71%
see
70%
then
70%
At
69%
never
69%
With
69%
as
68%
into
68%
gold rush
66%
from
65%
could
63%
face
63%
feel
63%
know
63%
must
63%
out
63%
beautiful?
62%
dominos
61%
Everybody
61%
flush
61%
touch
61%
wants
61%
will
61%
hair
60%
day
59%
falling
59%
grow
59%
place
59%
had
58%
wonders
57%
die
56%
anyone
55%
Eyes
55%
life
55%
Walk
55%
about
54%
anticipating
54%
almost
53%
mind
53%
call
52%
rose
52%
shit
52%
'til
52%
crush
51%
feels
51%
jump
51%
quick
51%
turns
51%
blush
50%
bone
50%
past
50%
ships
50%
brush
49%
double
49%
parties
49%
pure
49%
Seen
49%
vision
49%
waters
49%
dinner
48%
door
48%
hanging
48%
motion
48%
sinking
48%
slow
48%
dream
47%
flying
47%
town
47%
dominoes
46%
inviting
46%
old
46%
anymore
45%
gray
45%
Twinkling
45%
contrarian
43%
fades
43%
'round
43%
tea
43%
t-shirt
43%
Won't
43%
Eagles
42%
Gleaming
42%
dare
41%
wooden
41%
coastal
39%
floors
38%
'cross
37%
padding
36%
wandered
32%
found
31%
No matching quizzes found
Score Distribution
Percent of People with Each Score
Percentile by Number Answered
Your Score History
You have not taken this quiz